00413nam a2200121Ia 4500008004100000082002000041245003500061260004300096650002600139942000700165999001700172952010200189220204s9999 xx 000 0 und d a631.4(038)bSOI 0aGlossary of soil science terms aUSAbSoil science soc of Americac1973 aSoil science glossary cBK c22520d22520 00104070aMAINbMAINd2021-12-16l0o631.4(038) SOIp03240r2021-12-16 00:00:00w2022-02-14yBK